| 000 | 01241nam a2200313 4500 | ||
|---|---|---|---|
| 003 | EG-GICUC | ||
| 005 | 20260509162142.0 | ||
| 008 | 260509s1993 fr ||||fr|||| 00| 0 fre d | ||
| 040 |
_aEG-GiCUC _bfre _cEG-GiCUC _dEG-GiCUC _eRda |
||
| 041 | 0 | _afre | |
| 082 | 0 | 4 |
_221 _a345.3 _bDE . A |
| 092 | 0 | 4 | _221 |
| 099 | _aLaw1 07 345.3 DE . A 1993 | ||
| 100 | 1 |
_aDelaunay, Bénédicte. _eAuteur |
|
| 245 | 1 | 2 |
_aL’amélioration des rapports entre l’administration et les administrés : _bcontribution à l’étude des réformes administratives entreprises depuis 1945 / _cBénédicte Delaunay ; préface de Christian Debouy. |
| 264 | 1 |
_aParis : _bLibr. générale de droit et de jurisprudence, _c1993. |
|
| 300 |
_ax, 1003 Pages ; _c 24 cm. |
||
| 336 |
_2rda contenu _a texte |
||
| 337 |
_2rda medias _aOrdinateur |
||
| 338 |
_2 transporteur rda _a Ressource en ligne |
||
| 490 |
_3Bibliothèque de droit public, _x0520-0288 _v172 |
||
| 504 | _aIncludes bibliographical references (p. [941]-975) and index. | ||
| 546 | _aTexte en français | ||
| 650 | 1 | _aActivité administrative | |
| 700 | 1 |
_aDebouy, Christian _ePréfacier |
|
| 856 | 4 | 0 | _uhttps://fll.law.cu.edu.eg/fulltext/bks/B07-05083.pdf |
| 905 | _a30 | ||
| 942 |
_2ddc _cBK _e21 _n0 |
||
| 999 |
_c76406 _d76406 |
||